International Business. (Record no. 3636)
[ view plain ]
| 005 - DATE AND TIME OF LATEST TRANSACTION | |
|---|---|
| control field | 20250610150106.0 |
| 020 ## - INTERNATIONAL STANDARD BOOK NUMBER | |
| International Standard Book Number | 978-1-108-70144-0 |
| 082 ## - DEWEY DECIMAL CLASSIFICATION NUMBER | |
| Classification number | 658.05 CZI |
| 100 ## - MAIN ENTRY--PERSONAL NAME | |
| Author name | CZINKOTA, M. R. |
| 245 ## - TITLE STATEMENT | |
| Title | International Business. |
| 250 ## - EDITION STATEMENT | |
| Edition statement | 9th Ed |
| 260 ## - PUBLICATION, DISTRIBUTION, ETC. | |
| Place of publication, distribution, etc. | New York, |
| Name of publisher, distributor, etc. | Cambridge University, |
| Date of publication, distribution, etc. | 2021. |
| 300 ## - PHYSICAL DESCRIPTION | |
| Extent | xv, 573p.: ill.; picture |
| Other physical details | References & Index |
| Dimensions | 24cm |
| 700 ## - ADDED ENTRY--PERSONAL NAME | |
| Other authors/Editors | RONKAINEN, I. A. & GUPTA, S. |
| 856 ## - ELECTRONIC LOCATION AND ACCESS | |
| Link text | Access Online Book |
| Electronic name | International Business |
| Path | www.cambridge.org/czinkota |
| 942 ## - ADDED ENTRY ELEMENTS (KOHA) | |
| Source of classification or shelving scheme | Dewey Decimal Classification |
| Koha item type | Books |
| Date last seen | Total checkouts | Full call number | Barcode | Cost, replacement price | Price effective from | Koha item type | Lost status | Source of classification or shelving scheme | Damaged status | Not for loan | Withdrawn status | Home library | Current library | Shelving location | Date acquired | Cost, normal purchase price |
|---|---|---|---|---|---|---|---|---|---|---|---|---|---|---|---|---|
| 06/27/2025 | 658 CZI | DOM0002078 | 856308.00 | 06/27/2025 | Books | Dewey Decimal Classification | CBE Dodoma | CBE Dodoma | General Collection | 09/17/2024 | 285436.00 | |||||
| 06/10/2025 | 658.05 CZI | 00000011529 | 856308.00 | 06/10/2025 | Books | Dewey Decimal Classification | College of Business Education Main Library | College of Business Education Main Library | General Collection | 09/17/2024 | 285436.00 | |||||
| 06/10/2025 | 658.05 CZI | 00000011530 | 856308.00 | 06/10/2025 | Books | Dewey Decimal Classification | College of Business Education Main Library | College of Business Education Main Library | General Collection | 09/17/2024 | 285436.00 | |||||
| 06/10/2025 | 658.05 CZI | 00000011531 | 856308.00 | 06/10/2025 | Books | Dewey Decimal Classification | College of Business Education Main Library | College of Business Education Main Library | General Collection | 09/17/2024 | 285436.00 | |||||
| 06/10/2025 | 658.05 CZI | 00000011532 | 856308.00 | 06/10/2025 | Books | Dewey Decimal Classification | College of Business Education Main Library | College of Business Education Main Library | General Collection | 09/17/2024 | 285436.00 | |||||
| 06/10/2025 | 658.05 CZI | 00000011533 | 856308.00 | 06/10/2025 | Books | Dewey Decimal Classification | College of Business Education Main Library | College of Business Education Main Library | General Collection | 09/17/2024 | 285436.00 |
